000
00302nam a2200133Ia 4500
100
_a
Holmes/ Flanders
942
_c
BK
654
_a
C++ Communications utilities
245
_a
C++ Communications Utilities
260
_b
BPB
_a
New Delhi
_c
1994
082
_a
5.713
546
_a
ENGLISH
999
_c
19928
_d
19928